[Event "Tilburg Fontys"]
[Site "Tilburg"]
[Date "1998.10.29"]
[Round "6"]
[White "Kramnik, Vladimir"]
[Black "Leko, Peter"]
[Result "0-1"]
[WhiteElo "2780"]
[BlackElo "2665"]
[Annotator "Leko,P"]
[PlyCount "90"]
[EventDate "1998.10.23"]
[EventType "tourn"]
[EventRounds "11"]
[EventCountry "NED"]
[EventCategory "18"]
[SourceTitle "EXT 1999"]
[Source "ChessBase"]
[SourceDate "1998.11.16"]
[SourceVersion "1"]
[SourceVersionDate "1998.11.16"]
[SourceQuality "1"]

1. d4 Nf6 2. c4 g6 3. f3 e5 4. dxe5 Nh5 5. Nh3 Nc6 6. Bg5 Be7 7. Bxe7 Qxe7 8.
Nc3 Qxe5 9. g4 Ng7 10. f4 Qe7 11. Nd5 Qd8 12. Qd3 O-O 13. Qc3 Ne8 14. g5 Ne7
15. Nf6+ Nxf6 16. gxf6 Nf5 17. e4 Re8 18. Ng5 c5 19. O-O-O Nd4 20. e5 d6 21.
Nf3 Bg4 22. Nxd4 Bxd1 23. Nb5 dxe5 24. fxe5 Ba4 25. Nd6 Re6 26. Bg2 Rxd6 27.
exd6 Qxd6 28. Bxb7 Re8 29. b3 Qf4+ 30. Kb2 Re3 31. Rd1 h5 32. Qa5 Re2+ 33. Ka3
Qf2 34. Qd8+ Be8 {[#]} 35. Rd2 $1 (35. Ra1 Qe3 36. Bc6 Qc3 $1 $19) 35... Rxd2
36. Qxe8+ Kh7 37. Qxf7+ Kh6 38. Ka4 Rxa2+ 39. Kb5 Qe3 (39... Rb2 $5 {laut Fritz
}) 40. Bd5 {Mit seinen letzten verbleibenden Sekunden erinnert sich mein
Gegner an die goldene Regel: Zentralisation!!} Qxb3+ 41. Kc6 Ra6+ {Später
überprüfte ich die Sache mit dem Computer und er fand den gleichen Gewinn in
wenigen Minuten.} (41... Qb8 $6 42. Kd7 $1 {und der Kampf beginnt von neuem.})
42. Kd7 (42. Kc7 $2 Qb6+ $19) 42... Qh3+ $1 {Alles läuft genau nach meinem
Plan!} 43. Be6 (43. Ke7 Qxh2 {[%cal Rh2c7]} 44. Qf8+ (44. Qg7+ Kg5 45. f7 Qc7+
46. Ke8 Rb6 {nebst Matt}) 44... Kg5 45. f7 Qc7+ 46. Ke8 Qc8+ 47. Ke7 Qxf8+ 48.
Kxf8 Rf6 $19) 43... Qd3+ 44. Ke8 {Ich hatte hauptsächlich mit Ld5 gerechnet:} (
44. Bd5 Kg5 $1 45. Qe7 (45. h4+ Kf5) 45... Rxf6 46. h4+ Kf5 {deswegen muß die
schwarze Dame auf d3 stehen!} 47. Qxc5 Kg4 $19) 44... Qd6 45. Qe7 {Der letzte
Trick bestand in} (45. Qg7+ Kg5 46. h4+ Kxh4 47. Qe7 {Es kostete mich viel
Bedenkzeit, darauf den Gewinn zu finden:} Qxe7+ (47... Qxe6 $2 48. f7+) 48.
Kxe7 Ra1 49. f7 (49. Bf5 Re1+) 49... Rf1) 45... Qxe6 (45... Qxe6 46. f7 Qc8+
47. Qd8 Re6+ 48. Kf8 Qxd8#) 0-1

[Event "Zonal Lvov"]
[Site "Lvov"]
[Date "1978.??.??"]
[Round "9"]
[White "Balashov, Yuri S"]
[Black "Kochyev, Alexander"]
[Result "0-1"]
[WhiteElo "2590"]
[BlackElo "2555"]
[Annotator "Moiseev,V"]
[PlyCount "56"]
[EventDate "1978.04.??"]
[EventType "tourn"]
[EventRounds "15"]
[EventCountry "URS"]
[EventCategory "13"]
[SourceTitle "MCL"]
[Source "ChessBase"]
[SourceDate "1999.07.01"]
[SourceVersion "1"]
[SourceVersionDate "1999.07.01"]
[SourceQuality "1"]

1. Nf3 Nf6 2. c4 g6 3. b3 Bg7 4. Bb2 O-O 5. g3 d6 6. d4 Nbd7 7. Bg2 e5 8. dxe5
(8. O-O e4 9. Ng5 $1 {N} e3 10. f4 h6 $6 11. Nf3 Re8 12. Nc3 c6 13. f5 $1 $16 {
Woitkiewicz,A-Gurevich,V/Werfen/1990/}) 8... dxe5 9. O-O (9. Nxe5 $2 Ng4 $1 10.
Nd3 Bxb2 11. Nxb2 Qf6 $19) 9... e4 10. Ne1 (10. Ng5 Re8 11. Qc2 e3 12. f4 (12.
fxe3 Qe7 $1 {Polugaevsky/}) 12... Nc5 13. Rd1 Qe7 14. Nc3 c6 15. b4 Bf5 16. Qc1
Ne6 $10 {Lehmann,H-Polugaevsky,L/Solingen/1974/0:1/27/}) 10... Qe7 11. Nc2 Rd8
12. Nc3 Nc5 13. Qc1 c6 14. Ne3 $6 (14. h3 $5 $10 {/\ 15.Qe3,Rad1}) 14... a5 $15
15. Rd1 (15. Na4 $5) 15... Rxd1+ 16. Qxd1 Ng4 $1 17. Qd2 a4 18. b4 Nxe3 (18...
a3 $2 19. Ncd5 cxd5 20. Nxd5 Qf8 21. Bxg7 Qxg7 $2 22. Ne7+ $18) 19. Qxe3 a3 $17
20. Nd5 cxd5 21. Bxg7 Kxg7 22. bxc5 dxc4 23. Rc1 (23. Qxe4 Qxc5 24. Rc1 Ra4 $17
) (23. Bxe4 Qe5 24. Rb1) 23... Bf5 24. Rxc4 (24. Qc3+ Qf6 25. Qxf6+ Kxf6 26.
Rxc4 Be6 $1 27. Rc2 Ra4 $17 {/\ 28...Rc4}) 24... Qe5 25. Rc3 $2 (25. Bxe4 Bxe4
26. Qxe4 Qa1+ 27. Kg2 Qxa2 28. c6 $17) 25... Qd5 $1 $19 26. g4 Bxg4 27. Rxa3 (
27. Qxe4 Qxa2 28. Qxg4 Qa1+ $19) 27... Qd1+ 28. Bf1 Bxe2 $1 0-1

[Event "Nikolaev zt"]
[Site "Nikolaev"]
[Date "1993.??.??"]
[Round "?"]
[White "Borovikov, Vladislav"]
[Black "Bologan, Viktor"]
[Result "1/2-1/2"]
[WhiteElo "2385"]
[BlackElo "2520"]
[Annotator "Dautov,R"]
[PlyCount "59"]
[EventDate "1993.03.??"]
[EventType "swiss"]
[EventRounds "11"]
[EventCountry "RUS"]
[SourceTitle "CBM 035"]
[Source "ChessBase"]
[SourceDate "1993.08.01"]
[SourceVersion "1"]
[SourceVersionDate "1993.08.01"]
[SourceQuality "1"]

1. d4 Nf6 2. Nf3 g6 3. c4 Bg7 4. g3 O-O 5. Bg2 d6 6. O-O Nc6 7. d5 Na5 8. Nbd2
c5 9. Ne1 (9. e4 Rb8 (9... b5 $5) (9... a6 10. Rb1 b5 11. b3 Rb8 12. cxb5 axb5
13. b4 Nc4 (13... cxb4 14. Rxb4 $16) 14. bxc5 Nxd2 15. Nxd2 dxc5 16. Qc2 $14 {
ECO}) 10. Rb1 b5 11. cxb5 Rxb5 12. Ne1 $5 $14) 9... b5 10. cxb5 Qb6 (10... Rb8
11. Nc2 Rxb5 12. Rb1 Ba6 $1 (12... e6 13. b4 cxb4 14. dxe6 Bxe6 15. Nd4 Rb8 16.
Nxe6 fxe6 17. Qa4 $14) 13. Re1 c4 14. e4 Nd7 15. b4 cxb3 16. Nxb3 Nxb3 17. axb3
$14 {/\Nd4,Dorfman-Smeikal/Moscow-GMA/1989}) (10... Bd7 $5 11. Nc2 (11. Rb1
Bxb5 12. b4 cxb4 13. Nc2 Qd7 14. Rxb4 Rab8 15. Ba3 Ba4 16. Qb1 Rxb4 17. Qxb4
Bxc2 18. Qxa5 Rc8 19. Qa6 Ne8 20. Nc4 Rc7 21. Rc1 Qa4 22. Qxa4 Bxa4 $10 {
Bricard-Barcenilla/Manila/1992}) (11. a4 $5 a6 12. bxa6 Rxa6 13. Nc2 Qb6 14.
Ra3 $14) 11... Bxb5 12. Rb1 Rc8 13. Re1 Qd7 14. Na3 Ba6 15. Ne4 Nxe4 16. Bxe4
e6 17. Bf4 e5 $10 {Smeikal-Stangl/Altensteig/1991}) 11. b4 cxb4 12. Rb1 Qxb5
13. Nd3 Bg4 $1 (13... b3 14. Nxb3 Nxb3 15. Rxb3 Qc4 16. Bb2 Bd7 (16... Nxd5 $2
17. Ne5 $1) 17. Rb4 Qc7 18. Qb3 Rfb8 19. Rc1 Qd8 20. Bd4 $14) 14. Rxb4 (14. Qe1
$6 {/\Nb4} Qd7 (14... Nxd5 15. a4 Qxa4 16. Bxd5 Rab8 17. Bb2 $14) 15. Nxb4 Rab8
$10) 14... Qxd3 (14... Qd7 $5 15. f3 (15. h3 Bxh3 16. Bxh3 Qxh3 17. Qa4 Nxd5
18. Qxa5 (18. Rh4 $2 Nc3 $19) 18... Nxb4 19. Qxb4 Rab8 $15) 15... Bf5 16. e4
Nxd5 $1 17. exf5 Nxb4 18. Nxb4 Qxf5 19. Ne4 $10) 15. exd3 Bxd1 16. Rxd1 {
/\Rb5,פa5} Rab8 17. Ba3 {/\Rdb1} Nd7 18. Rc1 (18. Rdb1 Bc3 19. Rxb8 Rxb8 20.
Rxb8+ Nxb8 $10) 18... Nb6 $2 (18... Rfc8 $1 19. Rxc8+ (19. Rxb8 Rxb8 20. Rc7
Rb7 $10) 19... Rxc8 20. Ra4 (20. Rb5 Bc3 21. Ne4 a6 22. Rb1 Bd4 $10) 20... Nb7
(20... Bc3 $2 21. Nb1 $1 Nb6 (21... Be1 22. Re4 $16) 22. Nxc3 Nxa4 23. Nxa4 Rc2
24. Bb2 $16) (20... Rc2 $5 21. Ne4 f5 $132) 21. Rxa7 Nbc5 $44) 19. Rb5 $1 (19.
Rc7 Rb7 20. Rxb7 Nxb7 21. Nc4 Nc5 $10) 19... Nb7 20. Rc7 $2 (20. Nc4 Bd4 $10) (
20. Rc6 $1 Nd8 (20... Rfc8 21. Bh3 f5 22. g4 $1 $16) 21. Rc7 Rb7 22. Rc1 $1 Rb8
23. Nc4 $16 {/\Na5}) 20... Rfc8 $1 $10 21. Rxe7 (21. Rc6 Nd8 $10) 21... Bf8 (
21... Rc2 $5 22. Nc4 Rxa2 23. Nxd6 Rxa3 24. Nxb7 Rxd3 $10) 22. Re1 Rc2 23. Rb2
Rxb2 24. Bxb2 Nc5 25. Bd4 Nxd3 26. Rb1 Nc5 27. Nc4 Re8 28. Nxb6 Rb8 29. Bf1
Rxb6 30. Rxb6 (30. Rxb6 axb6 31. Bb5 Bg7 32. Be3 Kf8 $10) 1/2-1/2

[Event "Nussloch"]
[Site "Nussloch"]
[Date "1996.??.??"]
[Round "3"]
[White "Huebner, Robert"]
[Black "Sokolov, Ivan"]
[Result "1-0"]
[WhiteElo "2635"]
[BlackElo "2665"]
[Annotator "Dautov,R"]
[PlyCount "63"]
[EventDate "1996.??.??"]
[EventType "tourn"]
[EventRounds "11"]
[EventCountry "GER"]
[EventCategory "15"]
[SourceTitle "CBM 053"]
[Source "ChessBase"]
[SourceDate "1996.08.01"]
[SourceVersion "1"]
[SourceVersionDate "1996.08.01"]
[SourceQuality "1"]

1. d4 Nf6 2. Nf3 g6 3. g3 Bg7 4. c4 c5 5. Bg2 Qa5+ 6. Bd2 Qb6 7. Nc3 cxd4 8.
Na4 Qc7 (8... Qc6 $6 9. O-O Ne4 10. Ng5 f5 11. Nxe4 fxe4 12. e3 $16) (8... Qd8
9. Nxd4 Nc6 10. Nxc6 bxc6 11. O-O O-O 12. Rc1 d5 13. Be3 e6 14. Nc5 Qe7 15.
cxd5 cxd5 16. Nd3 a5 17. Bd4 $14 {Dzindzichashvili,R-Gurevich,D/USA-ch m (1-2)
1990}) (8... Qd6 $5 9. Bf4 Qb4+ 10. Bd2 Qd6 $10) 9. Nxd4 O-O 10. Rc1 Nc6 $6 {N}
(10... d6 11. O-O Nc6 12. Nb5 Qd8 13. Nbc3 Bg4 14. h3 Bd7 15. Kh2 Rc8 16. b3
Na5 17. e4 Bc6 18. Be3 b6 19. Qe2 $14 {Davies,N-Sokolov,I/Preston 1989}) 11.
Nb5 $1 Qd8 12. c5 $1 a6 13. Nbc3 d5 14. Nb6 (14. cxd6 $5 Qxd6 15. Nb6 Rb8 (
15... Ra7 16. Be3 $16) 16. Bf4 Qxd1+ 17. Rxd1 e5 18. Bg5 $14) 14... Rb8 15.
Ncxd5 Nxd5 16. Nxd5 Bxb2 17. Rb1 Bd4 $6 (17... Bg7 18. O-O e6 (18... Be6 19. e4
$14) 19. Nb4 (19. Nb6 Qc7 $1 (19... Qe7 $6 20. Bxc6 bxc6 21. Nd5 $16)) 19...
Bd7 20. Be3 Nxb4 21. Rxb4 $14) 18. O-O Bxc5 19. Bf4 $1 e5 (19... Bd6 $2 20.
Nxe7+ Bxe7 21. Bxc6 $16) 20. Bh6 Be6 (20... Re8 $2 21. Qc1 Qd6 (21... Bf8 22.
Bg5 Be7 23. Bxe7 Nxe7 24. Nf6+ $16) 22. Qg5 Re6 23. Rfd1 Nd4 24. e3 f6 25. Qh4
Nf5 26. Nxf6+ Rxf6 27. Rxd6 $18) 21. Bxf8 Bxf8 22. e3 $16 f5 23. Qd2 e4 24.
Rfd1 b5 25. f3 $1 exf3 26. Bxf3 Ne5 27. Bg2 Bf7 28. Qd4 Qd6 29. a4 Kh8 (29...
b4 30. Nxb4 Rxb4 31. Rxb4 Qxb4 32. Qxe5 Qxa4 33. Rd8 $16) (29... Bg7 30. Qa7
$16) 30. axb5 Rxb5 $6 (30... axb5 {>=} 31. Qa7 Bh6 $16) 31. Rbc1 Rb8 $2 (31...
Bxd5 32. Bxd5 $18 {/\Rc8,/\Rc6}) 32. Rc6 $1 1-0

[Event "Hoogovens"]
[Site "Wijk aan Zee"]
[Date "1991.01.??"]
[Round "7"]
[White "Salov, Valery"]
[Black "Lautier, Joel"]
[Result "1-0"]
[WhiteElo "2645"]
[BlackElo "2550"]
[Annotator "Salov,V"]
[PlyCount "61"]
[EventDate "1991.01.??"]
[EventType "tourn"]
[EventRounds "13"]
[EventCountry "NED"]
[EventCategory "14"]
[SourceTitle "CBM 022"]
[Source "ChessBase"]
[SourceDate "1991.06.01"]
[SourceVersion "1"]
[SourceVersionDate "1991.06.01"]
[SourceQuality "1"]

1. d4 Nf6 2. Nf3 g6 3. g3 Bg7 4. Bg2 O-O 5. O-O d6 6. c4 Nbd7 7. Qc2 e5 8. Rd1
Re8 9. dxe5 dxe5 10. e4 c6 11. h3 Qc7 12. c5 $1 {TN} (12. Be3 b6 $10 {
Pigusov-Lautier,Sochi-A 1989}) 12... b6 13. b4 bxc5 14. bxc5 Nh5 $2 (14... Nxe4
$2 15. Qxe4 Nxc5 16. Qc4 e4 17. Nd4 Nd3 18. Nc3 Ba6 19. Qxa6 Bxd4 20. Nxe4 $1
$16) (14... Nf8 $142 $1) 15. Be3 Nf8 16. Nbd2 Ba6 (16... f5 $6 17. exf5 gxf5
18. Nc4 f4 19. Nd6 $16) 17. Nc4 Bxc4 18. Qxc4 Red8 $5 (18... Rad8 19. Rd6 $1
Rxd6 20. cxd6 Qxd6 21. Bxa7 $16) (18... Ne6 19. Rd6 $1 Bf8 20. Nxe5 Bxd6 21.
cxd6 Qxd6 22. Nxc6 $16) 19. h4 $1 Ne6 20. Bh3 Rxd1+ $6 (20... Nd4 $142 $1 21.
Nxd4 exd4 22. Bxd4 Bxd4 23. Rxd4 Nxg3 $1 24. Rd6 $1 (24. Rxd8+ $6 Rxd8 25. fxg3
Qxg3+ 26. Bg2 Rd2 {with some compensation for the sacrificed material}) 24...
Nh5 (24... Rxd6 25. cxd6 Qxd6 26. fxg3 Qxg3+ 27. Bg2 $16) 25. Rad1 Qe7 (25...
Nf4 26. Bd7 $1) 26. e5 $1 Rxd6 27. exd6 Qe5 28. Qd4 $1 $16) 21. Rxd1 Rd8 22.
Rd6 $1 Rxd6 23. cxd6 Qxd6 24. Bxe6 Qxe6 25. Qxe6 fxe6 26. Bxa7 $18 Nf6 27. a4
Nd7 (27... Nxe4 28. a5 Nc3 29. a6 Nd5 30. Bc5 Nc7 31. a7 e4 32. Ng5 $18) 28. a5
Bf8 29. a6 c5 30. Nd2 Kf7 31. Nc4 1-0

[Event "Linares 13th"]
[Site "Linares"]
[Date "1995.03.17"]
[Round "13"]
[White "Akopian, Vladimir Eduardovic"]
[Black "Ivanchuk, Vassily"]
[Result "0-1"]
[WhiteElo "2655"]
[BlackElo "2700"]
[Annotator "Dautov,R"]
[PlyCount "126"]
[EventDate "1995.03.01"]
[EventType "tourn"]
[EventRounds "13"]
[EventCountry "ESP"]
[EventCategory "17"]
[SourceTitle "CBM 046"]
[Source "ChessBase"]
[SourceDate "1995.06.01"]
[SourceVersion "1"]
[SourceVersionDate "1995.06.01"]
[SourceQuality "1"]

1. d4 Nf6 2. Nf3 g6 3. c4 Bg7 4. g3 c5 5. Bg2 Qa5+ 6. Qd2 (6. Nc3 Ne4 7. Bd2
Nxd2 8. Qxd2 O-O 9. e3 d6 10. O-O Nc6 11. h3 cxd4 12. Nxd4 Bd7 13. Rfd1 Nxd4
14. exd4 Bc6 15. Nd5 Qd8 16. Rac1 Rc8 $10 {Karpov,An-Khalifman,A/Linares (07) ;
CBM 46 1995}) (6. Bd2 Qb6 7. Nc3 cxd4 8. Na4) 6... Qxd2+ {N} (6... Nc6 7. Qxa5
(7. d5 $6 Ne4 $1 8. Qxa5 Nxa5 $36) 7... Nxa5 8. Nbd2 b6 9. b3 Bb7 10. Bb2 Ne4
11. Nxe4 Bxe4 12. O-O-O b5 13. cxb5 cxd4 14. Bxd4 Rc8+ 15. Kb2 Rc2+ 16. Ka1 e5
17. Bb2 Ke7 18. Nd4 Bxg2 19. Nxc2 Bxh1 20. Rxh1 $14 {Tukmakov,V-Kupreichik,V/
URS/1980}) 7. Nbxd2 (7. Bxd2 $6 Ne4 8. Be3 Nc6 $17) 7... cxd4 8. Nxd4 Nc6 9.
Nb5 $6 (9. N2b3 Ng4 10. Nb5 O-O 11. O-O Nge5 12. Nd2 d6 $10) (9. N2f3 {>=} O-O
10. O-O Nxd4 11. Nxd4 d5 12. cxd5 Nxd5 13. Nb3 Nb6 $10) 9... O-O 10. O-O d6 11.
Rb1 {/\b3,Bb2} Bf5 $1 12. e4 Bg4 13. Nc3 $6 (13. f3 {>=} Bd7 14. b3 a6 15. Nc3
(15. Nc7 $6 Rac8 16. Nd5 Nxd5 17. exd5 Nb4 $15) 15... b5 16. Bb2 Rab8 $36)
13... Nd7 14. h3 Bxc3 $1 15. bxc3 (15. hxg4 Bxd2 16. Bxd2 Nde5 17. b3 Nxg4 $15)
15... Be6 16. Rxb7 Rab8 17. Rb3 (17. Rc7 Rfc8 18. Rxc8+ Rxc8 $17 {/\Na5}) 17...
Nde5 18. f4 Nxc4 19. Rxb8 Rxb8 20. Nb3 N4a5 21. Nxa5 Nxa5 $17 22. Be3 a6 23. e5
(23. Rf2 Rb1+ 24. Kh2 Ra1 25. Bf1 Bc4 $17) 23... dxe5 24. fxe5 Nc4 (24... Bxa2
$6 25. Bc5 (25. Ra1 Rb2 26. Bc1 Rc2 27. Be4 Nb3 28. Bxc2 Nxa1 29. Bd1 Bb3 30.
Bb2 Bxd1 31. Bxa1 $15) 25... Kf8 26. Bb4 Nb7 27. Rd1 Be6 28. g4 $44) 25. Bg5 (
25. Bd4 Rb5 26. Re1 Rb2 $17) 25... Kf8 26. Re1 h5 (26... Rb2 27. Rd1 Nxe5 28.
Rd8+ Kg7 29. Bxe7 Rxa2 $17) 27. Bf1 a5 28. a4 $6 (28. Re4 $5 Rc8 $17) 28... Rb3
29. Re4 Rxc3 30. Bh6+ Ke8 31. Bxc4 Bxc4 32. Bd2 (32. Kf2 Kd7 33. Bd2 Rc2 34.
Ke3 Bd5 35. Rf4 Ke6 $17) 32... Rxg3+ 33. Kf2 Rd3 34. Bxa5 Bd5 35. Re3 Rd4 36.
Ra3 Kd7 (36... Bc6 $2 37. Bb6 Rxa4 $2 38. Rxa4 Bxa4 39. h4 Kd7 40. Ke3 Ke6 41.
Kf4 $10) 37. Bb6 Rf4+ 38. Kg1 Ke6 39. a5 Rb4 40. Bd8 Rb8 41. Bb6 Rc8 42. Bd4
Rc4 43. Ba1 g5 $19 44. a6 g4 45. hxg4 hxg4 46. Bb2 Kf5 47. a7 Ba8 48. Rc3 Ra4
49. Ra3 Rb4 50. Bc3 Re4 51. Ra1 g3 52. Rf1+ Ke6 53. Ra1 Re3 (53... Rh4 54. Kf1
Bf3 55. Ke1 Rh1+ 56. Kd2 g2 $19) 54. Bd4 Rd3 55. Bc5 Rd5 56. Bb4 f5 57. exf6
Rh5 58. Re1+ Kf7 59. Kf1 Bf3 60. Rxe7+ Kxf6 61. Ke1 Rh1+ 62. Kd2 g2 63. Re3 Bb7
0-1

[Event "RUS-chT2"]
[Site "Podolsk"]
[Date "1993.??.??"]
[Round "?"]
[White "Lisenko, Alexander V"]
[Black "Ibragimov, Ildar"]
[Result "0-1"]
[WhiteElo "2400"]
[BlackElo "2540"]
[Annotator "Belov,I"]
[PlyCount "59"]
[EventDate "1993.??.??"]
[EventType "team"]
[EventRounds "9"]
[EventCountry "RUS"]
[SourceTitle "CBM 038"]
[Source "ChessBase"]
[SourceDate "1994.02.01"]
[SourceVersion "1"]
[SourceVersionDate "1994.02.01"]
[SourceQuality "1"]

1. Nf3 d6 2. d4 g6 3. c4 Bg7 4. g3 Nf6 5. Bg2 O-O 6. O-O Nc6 7. d5 Na5 8. Nbd2
(8. Nfd2 c5 9. a3 Nd7 10. Ra2 Ne5 11. Qc2 Bd7 12. h3 b5 $11 {Kochyev,A-Popovic,
P 1976/}) 8... c5 9. e4 (9. Ne1 b5 10. cxb5 Rb8 (10... a6 $5) 11. Nc2 Rxb5 12.
Rb1 Ba6 $1 13. Re1 c4 14. e4 Nd7 15. b4 cxb3 16. Nxb3 Nxb3 17. axb3 Nc5 $1 $11
{Dorfman,I-Smejkal,J Moscow 1989 Inf 47/697/}) (9. Qc2 $5 Rb8 10. Rb1 b5 11. b3
Ba6 12. Bb2 Qc7 13. e4 bxc4 14. bxc4 Nd7 15. Bxg7 Kxg7 16. Qa4 $14) 9... b5 $5
$146 (9... a6 10. Rb1 b5 11. b3 Rb8 12. cxb5 axb5 13. b4 Nc4 14. bxc5 Nxd2 15.
Nxd2 dxc5 16. Qc2 $14) (9... e5 10. dxe6 Bxe6 11. Qc2 Re8 12. Rd1 $14) 10. cxb5
a6 11. Rb1 (11. bxa6 Bxa6 12. Re1 Nd7 13. Qc2 Qb6 14. Rb1 Rfb8 15. b3 $14)
11... axb5 12. b4 Nc4 13. bxc5 (13. Nxc4 $6 bxc4 14. bxc5 Nxe4 $17) 13... Nxd2
(13... dxc5 $6 14. Nxc4 bxc4 15. Qc2 $14) 14. Nxd2 dxc5 15. Nb3 (15. Rxb5 Ba6
16. Rxc5 Bxf1 17. Nxf1 Rxa2 $15) 15... Nd7 $1 16. Be3 c4 17. Nd4 Ne5 18. Qe2
Bg4 19. Qc2 Bd7 $15 20. Nxb5 Qa5 21. a4 $6 (21. Nc3 $5 Nd3 22. Bd2 $13) 21...
Qxa4 22. Qxa4 Rxa4 $17 23. h3 (23. Bd4 Bxb5 24. Rxb5 Nd3 25. Bxg7 Kxg7 $17) (
23. Rfc1 $2 Nd3 24. Rc2 Rb8 25. Nc3 Rxb1+ 26. Nxb1 Ra1 $19) 23... Nd3 24. Bd2
$6 (24. Bd4 $6 Bxb5 25. Bxg7 Kxg7 26. Rxb5 c3 27. Rb3 Rc8 $19) (24. Nd4 $5 c3
25. Rb7 $17) 24... Ra2 25. Bg5 Rb8 26. Nc3 Rxb1 27. Nxa2 Rb2 28. Nc1 Nxf2 $1
$19 29. Bxe7 Bd4 30. Kh2 {T 30...Ne4 /\31...Be5-+/} 0-1

[Event "Brno Morava-A"]
[Site "Brno"]
[Date "1991.??.??"]
[Round "9"]
[White "Dautov, Rustem"]
[Black "Shirov, Alexei"]
[Result "0-1"]
[WhiteElo "2595"]
[BlackElo "2610"]
[Annotator "Knaak,R"]
[PlyCount "52"]
[EventDate "1991.09.??"]
[EventType "tourn"]
[EventRounds "9"]
[EventCountry "CSR"]
[EventCategory "13"]
[SourceTitle "CBM 026"]
[Source "ChessBase"]
[SourceDate "1992.02.01"]
[SourceVersion "1"]
[SourceVersionDate "1992.02.01"]
[SourceQuality "1"]

1. d4 Nf6 2. c4 g6 3. Nf3 Bg7 4. g3 c5 5. Bg2 Qa5+ 6. Bd2 (6. Nc3 $1 Ne4 7. Qd3
cxd4 (7... Nxc3 8. Bd2 cxd4 9. Nxd4 $16) 8. Nxd4 Nc5 9. Qd1 Nc6 10. e3 Ne6 11.
O-O O-O 12. Nxe6 dxe6 13. Bd2 $14) 6... Qb6 7. Nc3 cxd4 8. Na4 Qc6 $5 {N} 9.
O-O Ne4 10. Ng5 f5 11. Nxe4 fxe4 12. e3 O-O 13. c5 d5 14. cxd6 Qxd6 15. exd4
Bxd4 16. Nc3 Qb6 17. Nxe4 Qxb2 18. Rb1 Qxa2 19. Bb4 $44 Nc6 20. Bxe7 $1 Rf5 (
20... Nxe7 21. Qxd4 $16) 21. Nf6+ $2 (21. g4 $1 Ra5 22. Nf6+ Bxf6 (22... Kf7
23. Bxc6 Bxf6 24. Bxf6 bxc6 25. Bc3 $18) 23. Bxf6 $16) 21... Kf7 $1 (21... Bxf6
22. Bxf6 $16) 22. Bxc6 $6 Bxf2+ 23. Kh1 bxc6 24. Bd8 (24. Qd8 Be6 $1 (24... Bb7
25. Rxb7 Rxd8 26. Bxd8+ Kf8 (26... Ke6 $2 27. Re7+ Kd6 28. Ne4+ Kd5 29. Nc3+
$18) 27. Be7+ Kg7 28. Bd8+ Kf8 $10) 25. Rb7 Rxd8 26. Bxd8+ Kf8 27. Be7+ Kg7 28.
Bd8+ Bf7 $19) 24... Bb6 25. Qd3 Qa6 26. Qd6 Rxf1+ 0-1

[Event "Biel Suri Memorial"]
[Site "Biel"]
[Date "2014.07.23"]
[Round "9"]
[White "Giri, Anish"]
[Black "Vachier Lagrave, Maxime"]
[Result "1-0"]
[WhiteElo "2750"]
[BlackElo "2766"]
[Annotator "CB"]
[PlyCount "103"]
[EventDate "2014.07.14"]
[EventType "tourn"]
[EventRounds "10"]
[EventCountry "SUI"]
[EventCategory "19"]
[SourceTitle "CBM 162"]
[Source "ChessBase"]
[SourceDate "2014.09.17"]
[SourceVersion "1"]
[SourceVersionDate "2014.09.17"]
[SourceQuality "1"]

1. d4 Nf6 2. c4 g6 3. f3 e6 4. e4 d5 5. cxd5 exd5 6. Nc3 dxe4 7. fxe4 Bb4 8.
Bd3 $5 {Giri's new idea} (8. Bg5 h6 9. Bxf6 Qxf6 10. Nf3 Bg4 {was eventually
ok for Black in Svidler, Peter- Vachier-Lagrave, Maxime from last year in the
Paris Grand Prix}) 8... Nxe4 9. Qe2 O-O (9... f5 {is possible but surely Giri
had some prep against this.}) 10. Bxe4 Re8 11. Nf3 Bf5 {black will regain the
piece, but that's not the end of his problems.} 12. Bg5 Bxc3+ 13. bxc3 f6 14.
Nd2 fxg5 15. O-O {Black is up a pawn but his position is suspicious; his king
is open and his development is far from complete.} Nd7 16. Qc4+ (16. Qd3 $1 {
is stronger according to the computer.} Bxe4 17. Nxe4 Kh8 18. Rae1 $16) 16...
Be6 17. Bd5 Bxd5 18. Qxd5+ Kh8 19. Rae1 (19. Qxb7 $14) 19... c6 20. Qb3 Nb6 21.
Nf3 Rxe1 22. Rxe1 Qf6 23. Qe6 Qxe6 24. Rxe6 {through some help by his opponent
MVL has managed to come close to equalizing, but he doesn't find the best way
to continue now.} g4 25. Ne5 Nd5 26. c4 Nf4 27. Re7 Ne2+ 28. Kf2 Nxd4 29. Rxb7
{Black's position is clearly dangerous} a5 $6 (29... Rf8+ $1 30. Ke3 Nc2+ 31.
Kd3 Ne1+ $11) 30. Nd7 {threatening the surprisingly lethal Nf6.} Ne6 31. Kg3
Rd8 32. Nf6 Ng5 33. Kxg4 $16 h6 34. Nd7 $1 {White is controlling his
opponent's position.} Nf7 35. Kf4 g5+ 36. Ke3 Nd6 (36... Re8+ 37. Kd3 Re1 {
was the last chance for counterplay and to save the game.}) 37. Rb8 Rxb8 38.
Nxb8 $18 {the knight endgame is hopeless because of the king activity.} Nxc4+
39. Kd4 Nb6 40. Nxc6 a4 41. Kc5 Nc8 42. Kb4 Nb6 43. Kc5 Nc8 44. Kb4 Nb6 45. Kb5
Nd5 46. Kxa4 Kg7 47. Nb4 Ne3 48. Kb5 Kf7 49. a4 Ke6 50. a5 Kd7 51. a6 Kc8 52.
Kc5 1-0

[Event "Poikovsky Karpov 15th"]
[Site "Poikovsky"]
[Date "2014.05.11"]
[Round "1"]
[White "Bacrot, Etienne"]
[Black "Nepomniachtchi, Ian"]
[Result "1/2-1/2"]
[WhiteElo "2721"]
[BlackElo "2735"]
[Annotator "Krasenkow,M"]
[PlyCount "70"]
[EventDate "2014.05.11"]
[EventType "tourn"]
[EventRounds "9"]
[EventCountry "RUS"]
[EventCategory "18"]
[SourceTitle "CBM 161"]
[Source "ChessBase"]
[SourceDate "2014.07.16"]
[SourceVersion "1"]
[SourceVersionDate "2014.07.16"]
[SourceQuality "1"]

1. d4 Nf6 2. c4 g6 3. f3 d6 4. e4 e5 5. Be3 {It is usually not recommended to
allow Black to take on d4, when White can't recapture with his knight.} (5. Ne2
) ({For} 5. d5 {see Giri-Carlsen in CBM 153.}) 5... exd4 6. Qxd4 (6. Bxd4 $6
Nc6) 6... Bg7 7. Qd2 Be6 8. Nc3 Nc6 9. b3 a5 {A typical plan involving
counterplay.} 10. Nge2 a4 11. Rb1 axb3 12. axb3 O-O {Too standard.} (12... Nh5
$5 13. g4 $140 Nf6 {[%cal Yh7h5]}) 13. Nf4 Nd7 14. Be2 Nc5 15. b4 $1 ({In the
event of} 15. O-O Ra3 {White can't protect his b3-pawn.}) (15. Nb5 $6 Nxb3 16.
Rxb3 Ra1+ 17. Bd1 Bxc4) 15... Na4 16. Nb5 Na7 $5 17. Bxa7 $6 {[%mdl 16384] A
strange exchange, obviously unfavourable for White. It is unclear what GM
Etienne Bacrot had overlooked.} (17. Nd4 $142 Bd7 18. O-O $14 {[%csl Ra4,Ra7]})
17... Rxa7 18. Nxe6 (18. Nxa7 $4 Bc3) 18... fxe6 19. O-O Ra8 $11 20. Rbc1 (20.
Bd1 $142) 20... Qe7 (20... c6 $142 $1 21. Nd4 (21. Nxd6 Be5 22. c5 Qh4 23. g3
$140 Bxg3 24. hxg3 Qxg3+ 25. Kh1 Rf4) 21... Qe7 $36) 21. f4 Rfd8 22. Bg4 c6 23.
Nd4 {White's counterplay is now sufficient for equality.} Bxd4+ 24. Qxd4 e5 25.
Qe3 exf4 26. Rxf4 Qe5 27. h3 c5 28. bxc5 Nxc5 29. Rd1 Rf8 30. Rxf8+ Rxf8 31.
Rd5 Qa1+ 32. Rd1 Qf6 33. e5 Qxe5 34. Qxe5 dxe5 35. Rd5 b6 1/2-1/2